000 01448nam a2200445 i 4500
001 55829
003 KOSZ 005
005 20201016122151.0
008 050506s2002 pl a |000 0 pol
015 _aPB 2005/8964
020 _a8388771221
040 _aWA N
_cWA N
_dKOSZ 005/HR
041 0 _apol
046 _k2002
080 _a697
080 _a620.92
080 _a551.52
080 _a621.383
100 1 _aKlugmann-Radziemska, Ewa
_eAutor
245 1 0 _aSystemy słonecznego ogrzewania i zasilania elektrycznego budynków /
_cEwa Klugmann-Radziemska, Eugeniusz Klugmann.
260 _aBiałystok :
_b"Edukacja i Środowisko",
_c2002.
300 _a125 s. :
_bfot., mapy, rys., wykr. ;
_c24 cm.
336 _2rdacontent
_aTekst
_btxt
337 _2rdamedia
_aBez urządzenia pośredniczącego
_bn
338 _2rdacarrier
_aWolumin
_bnc
380 _aKsiążki
380 _aPublikacje fachowe
388 _a2001-
504 _aBibliogr. s. 117-119.
650 4 _aBudownictwo mieszkaniowe
650 4 _aEnergetyka słoneczna
650 4 _aOgrzewanie
650 4 _aFotoelektryczność
650 4 _aFotowoltaika
658 _aArchitektura i budownictwo
658 _aInżynieria i technika
700 1 _aKlugmann, Eugeniusz
_eAutor
856 _uhttp://koha.tu.koszalin.pl/cgi-bin/koha/opac-detail.pl?biblionumber=55829
_yKatalog online BPK
942 _2UKD
_cKS
999 _c55829
_d55829